Operácie v zahraničnom obchode teória a prax

Enregistré dans:
Détails bibliographiques
Auteur principal: Kašťáková, Elena, 1974-
Collectivité auteur: Ekonomická univerzita v Bratislave. Obchodná fakulta
Autres auteurs: Ružeková, Viera, 1957-, Knapik, Peter, Trenčianska, Elena
Format: Livre
Langue:slovaque
Publié: Bratislava Vydavateľstvo EKONÓM 2012
Édition:1. vyd.
Sujets:
Tags: Ajouter un tag
Pas de tags, Soyez le premier à ajouter un tag!

MARC

LEADER 00000nam a2200000 4500
001 0161664
005 20240502072814.1
020 |a 978-80-225-3496-3 
041 0 |a slo 
044 |a SK 
245 1 0 |a Operácie v zahraničnom obchode  |b teória a prax  |c Elena Kašťáková, Viera Ružeková ; recenzenti: Peter Knapik, Elena Trenčianska 
250 |a 1. vyd. 
264 1 |a Bratislava  |b Vydavateľstvo EKONÓM  |c 2012 
300 |a 281 s. [18,048 AH] 
610 2 0 |a obchod zahraničný 
610 2 0 |a Slovensko 
610 2 0 |a Európska únia 
610 2 0 |a politika obchodná 
610 2 0 |a politika poľnohospodárska 
610 2 0 |a dohody obchodné medzinárodné 
610 2 0 |a kódexy 
610 2 0 |a operácie obchodné 
610 2 0 |a obchod medzinárodný 
610 2 0 |a vzťahy obchodné 
610 2 0 |a platby dokumentárne 
610 2 0 |a platby hladké 
610 2 0 |a financovanie obchodu zahraničného 
610 2 0 |a podmienky dodacie 
100 1 |a Kašťáková, Elena, 1974- 
700 1 |a Ružeková, Viera, 1957- 
700 1 |a Knapik, Peter 
700 1 |a Trenčianska, Elena 
710 2 |a Ekonomická univerzita v Bratislave. Obchodná fakulta